La Iglesia (Record no. 110406)

MARC details
000 -LEADER
campo de control de longitud fija 00614nam a2200181 i 4500
001 - NÚMERO DE CONTROL
campo de control 110406
003 - IDENTIFICADOR DE NÚMERO DE CONTROL
campo de control ES-MaACL
005 - FECHA Y HORA DE LA ÚLTIMA TRANSACCIÓN
campo de control 20230906185039.0
007 - CAMPO FIJO DE DESCRIPCIÓN FÍSICA--INFORMACIÓN GENERAL
campo de control de longitud fija t|
008 - DATOS DE LONGITUD FIJA--INFORMACIÓN GENERAL
campo de control de longitud fija 061121s1967 sp |||| | spa d
100 1# - ENTRADA PRINCIPAL--NOMBRE DE PERSONA
Nombre de persona Ordóñez Márquez, Juan.
9 (RLIN) 87202
245 13 - MENCIÓN DEL TÍTULO
Título La Iglesia
Resto del título : pueblo sacerdotal /
Mención de responsabilidad, etc. Juan Ordóñez Márquez.
260 ## - PUBLICACIÓN, DISTRIBUCIÓN, ETC.
Lugar de publicación, distribución, etc. Sevilla :
Nombre del editor, distribuidor, etc. Instituto de Estudios Superiores Eclesiásticos "Isidorianum",
Fecha de publicación, distribución, etc. 1967.
300 ## - DESCRIPCIÓN FÍSICA
Extensión 143 p. ;
Dimensiones 21 cm.
650 04 - PUNTO DE ACCESO ADICIONAL DE MATERIA--TÉRMINO DE MATERIA
Término de materia o nombre geográfico como elemento de entrada Sacerdotes.
9 (RLIN) 16959
710 2# - ENTRADA AGREGADA--NOMBRE DE ENTIDAD CORPORATIVA
Nombre de entidad corporativa o nombre de jurisdicción como elemento de entrada Instituto de Estudios Superiores Eclesiásticos Isidorianum (Sevilla)
9 (RLIN) 4934
852 ## - LOCALIZACIÓN
Ubicación ES-MaACL
Número de control de estantería C-33775
Holdings
Estatus retirado Estado de pérdida Estado de daño No para préstamo Biblioteca de origen Biblioteca actual Ubicación en estantería Fecha de adquisición Fuente de adquisición Total de préstamos Signatura topográfica completa Código de barras Visto por última vez Precio de reemplazo Tipo de ítem Koha
        Biblioteca del Ateneo de Madrid Biblioteca del Ateneo de Madrid Depósito 2 17/01/2008     C-33775 1115190 23/02/2023 23/02/2023 Libro impreso